El hombre supera a animales lentos - Muerte súbita - Estadísticas

Estadísticas generales
  • Esta prueba ha sido intentada 131 veces
  • La puntuación promedio es 15 de 22
Answers on the Grid
Answers color-coded by a green-red scale on the quiz's grid according to % correct below.
Ajolote
Alce
Araña lobo
Ardilla
Avestruz
Caballo
Campañol
Cangrejo de arena
Canguro
Caracol
Coyote
Demonio de Tasmania
Dragón de Komodo
Equidna
Erizo
Escarabajo ciervo
Gacela
Guepardo
Gusano de seda
Jirafa
Koala
Lagarto basilisco
León
Liebre
Ñu
Orangután
Oso negro
Oso panda
Oso pardo
Pingüino emperador
Pulpo
Ranura
Rata topo desnuda
Rinoceronte
Tarántula
Tritón
 
Estadísticas de respuestas
Respuesta % Correcto
Araña lobo
85%
Ajolote
83%
Caracol
83%
Erizo
79%
Escarabajo ciervo
79%
Tarántula
79%
Cangrejo de arena
77%
Gusano de seda
77%
Koala
74%
Pingüino emperador
72%
Lagarto basilisco
70%
Pulpo
70%
Rata topo desnuda
68%
Tritón
68%
Equidna
66%
Ardilla
57%
Campañol
57%
Dragón de Komodo
57%
Ranura
55%
Oso panda
53%
Demonio de Tasmania
47%
Orangután
43%
No se encontraron pruebas coincidentes
Distribución de puntuación
Porcentaje de gente con cada puntuación
Porcentaje por número respondido
Historial de tus puntuaciones
No has intentado esta prueba.